000 00943cad a22002175a 4500
001 E148497
008 090924s2009 xxkdo f 000 0 eng d
035 _a(Sirsi) u148497
041 0 _aeng
050 0 4 _a333.33 $2 18
110 2 _aProperty Industry Alliance
_95725
245 0 0 _aProperty data report 2009
_h[electronic resource]
260 _a[S.l.]
_bBCO
_c2009
520 _aSets out key facts relating to the commercial property market, including the value of the market, the relative proportions of the various sectors (retail, industrial and office), average length of leases, rental levels and types of ownership.
521 _aAdvanced
590 _aKA
651 4 _aUnited Kingdom
_y
690 _aPROPERTY-COMMERCIAL PROPERTY-COMMERCIAL PROPERTY MARKET
856 4 0 _uhttps://www.bpf.org.uk/sites/default/files/resources/PIA-Property-Data-Report-2009.pdf
_zView the research free of charge at www.bco.org.uk...
942 _n0
999 _c110067
_d110067